LEADER 01097nam a22002651i 4500 001 991003080729707536 005 20040531095449.0 008 040624s1984 uika||||||||||||||||eng 035 $ab13021436-39ule_inst 035 $aARCHE-097911$9ExL 040 $aDip.to Beni Culturali$bita$cA.t.i. Arché s.c.r.l. Pandora Sicilia s.r.l. 082 04$a733 110 2 $aBritish Museum$0443753 245 14$aThe elgin marbles /$cB. F. Cook 260 $aLondon :$bPublished for the Trustees of the British Museum by British Museum Publications,$cc1984 300 $a72 p. :$bill. ;$c22x22 cm 440 0$aBritish Museum 650 4$aScultura greca$xTemi votivi$zLondra$xBritish Museum$vCataloghi 700 1 $aCook, Brian Francis$eauthor$4http://id.loc.gov/vocabulary/relators/aut$0487691 907 $a.b13021436$b02-04-14$c12-07-04 912 $a991003080729707536 945 $aLE001 AR V 181 8$g1$i2001000116775$lle001$nC. 1$o-$pE0.00$q-$rl$s- $t0$u0$v0$w0$x0$y.i1363477x$z12-07-04 996 $aElgin marbles$91449674 997 $aUNISALENTO 998 $ale001$b12-07-04$cm$da $e-$feng$guik$h4$i1